Teoretické otázky ekonomiky vzdelania
Salvato in:
| Autore principale: | |
|---|---|
| Natura: | Libro |
| Lingua: | slovacco |
| Pubblicazione: |
Bratislava
Slovenské pedagogické nakladateľstvo
1976
|
| Soggetti: | |
| Tags: |
Nessun Tag, puoi essere il primo ad aggiungerne!!
|
MARC
| LEADER | 00000nam a2200000 4500 | ||
|---|---|---|---|
| 001 | c121165 | ||
| 005 | 20221128071346.8 | ||
| 041 | 0 | |a slo | |
| 044 | |a SK | ||
| 245 | 1 | 0 | |a Teoretické otázky ekonomiky vzdelania |c Andrej Kamiač a kolektív |
| 264 | 1 | |a Bratislava |b Slovenské pedagogické nakladateľstvo |c 1976 | |
| 300 | |a 248 s. | ||
| 500 | |a Zborník vydaný z príležitosti 10. výročia založenia Ústavu ekonomiky vzdelania Vysokej školy ekonomickej v Bratislave. | ||
| 610 | 2 | 0 | |a vzdelanie |
| 610 | 2 | 0 | |a vzdelávanie |
| 610 | 2 | 0 | |a školy |
| 100 | 1 | |a Kamiač, Andrej | |